Avoid novation pitfalls (Record no. 117646)

MARC details
000 -LEADER
fixed length control field 01364cam a2200229 4500
001 - CONTROL NUMBER
control field ABS67888
008 - FIXED-LENGTH DATA ELEMENTS--GENERAL INFORMATION
fixed length control field 040702n2004 000 0 eng u
035 ## - SYSTEM CONTROL NUMBER
System control number (Sirsi) u126689
100 ## - MAIN ENTRY--PERSONAL NAME
Personal name Cottam, G.
245 ## - TITLE STATEMENT
Title Avoid novation pitfalls
260 ## - PUBLICATION, DISTRIBUTION, ETC.
Date of publication, distribution, etc. 2004
490 ## - SERIES STATEMENT
Series statement Construction News
Volume/sequential designation (6871) 17 June 2004, 40(1)
520 ## - SUMMARY, ETC.
Summary, etc. Discusses recent guidelines, "Novation agreement CIC/NovAgr" (ISBN 18918671362) issued by the Construction Industry Council (CIC) which may provide an alternative to novation, which rarely benefits the contractor and can cause confusion. Novation is defined as when two parties, who have a contract between them, agree that a third party shall stand in for one of them. Warns that all parties concerned must agree on novation and they must be certain that they are not accepting further obligations which they did not have before. The CIC has issued a liability briefing "Novation of consultant's appointments on design and build projects", which is intended to provide guidance on novation. Copies of both documents are available from CIC t +44 (0)20 7637 8692.
590 ## - LOCAL NOTE (RLIN)
Local note ABS
590 ## - LOCAL NOTE (RLIN)
Local note ABS
650 ## - SUBJECT ADDED ENTRY--TOPICAL TERM
Topical term or geographic name entry element NOVATION
650 ## - SUBJECT ADDED ENTRY--TOPICAL TERM
Topical term or geographic name entry element CONSTRUCTION INDUSTRY COUNCIL
650 ## - SUBJECT ADDED ENTRY--TOPICAL TERM
Topical term or geographic name entry element NOVATION AGREEMENT CIC/NOVAGR2
650 ## - SUBJECT ADDED ENTRY--TOPICAL TERM
Topical term or geographic name entry element DESIGN AND BUILD CONTRACTS
690 ## - LOCAL SUBJECT ADDED ENTRY--TOPICAL TERM (OCLC, RLIN)
Topical term or geographic name as entry element BUILDING AND CONSTRUCTION-CONTRACTS
942 ## - ADDED ENTRY ELEMENTS (KOHA)
Suppress in OPAC 0
Holdings
Withdrawn status Lost status Source of classification or shelving scheme Damaged status Not for loan Home library Current library Shelving location Date acquired Total Checkouts Full call number Barcode Date last seen Copy number Price effective from Koha item type
    Dewey Decimal Classification     London London Journal article 02/07/2004   ABS67888 126689-1001 06/08/2019 1 06/08/2019 Journal article